Enrichir son vocabulaire #7 - Statistiques

Statistiques générales
  • Ce quiz a été pris 19 fois
  • Le résultat moyen est 3 sur 10
Statistiques - réponses
Définition Réponse % Correct
Adj. Qui parle beaucoup, avec aisance et rapidité. V{olubile}
69%
Adj. Qui s'ajoute inutilement à quelque chose ; superflu. S{uperfétatoire}
56%
N. m. Vérité banale, si évidente qu'elle ne mériterait pas d'être énoncée. T{ruisme}
56%
N. m. Médicament, produit ajouté à un autre pour renforcer ou compléter son action ; auxiliaire, stimulant. A{djuvant}
44%
N. m. Médicament, produit qui peut en remplacer un autre ; ersatz, substitut. S{uccédané}
38%
N. m. Distinction, récompense accordée aux personnes qui, sans avoir obtenu de prix, s'en sont approchées. A{ccessit}
31%
N. f. Figure de style consistant à remplacer un nom commun par un nom propre ou inversement. A{ntonomase}
19%
N. f. Ensemble de moyens médicaux mis en œuvre pour empêcher l'apparition, l'aggravation ou l'extension des maladies. P{rophylaxie}
19%
N. f. Charme fait de douceur et de courtoisie ; affabilité, amabilité. A{ménité}
6%
N. f. Abri pour les usagers des transports en commun ; Abribus. A{ubette}
6%
Aucun quiz correspondant
Distribution des résultats
% des personnes avec chaque résultat
Percentile par nombre de réponses
Votre historique - résultats
Vous n’avez pas pris ce quiz